Desarrollo de una interfaz gráfica, para la operación y el control de la planta de tratamiento de aguas residuales, del simulador BSMI
Guardado en:
| Hovedforfatter: | |
|---|---|
| Format: | Bog |
| Udgivet: |
[San José, Costa Rica]
2010
|
| Fag: | |
| Tags: |
Tilføj Tag
Ingen Tags, Vær først til at tagge denne postø!
|
MARC
| LEADER | 00000nam a2200000Ia 4500 | ||
|---|---|---|---|
| 003 | 010081 | ||
| 005 | 20221231144033.0 | ||
| 008 | 140114s2010 cr a 000 ||s d | ||
| 040 | |c cru CEDI | ||
| 090 | |a TFG 6251 | ||
| 100 | |a Ureña Garita, Fernando |9 1723 | ||
| 245 | |a Desarrollo de una interfaz gráfica, para la operación y el control de la planta de tratamiento de aguas residuales, del simulador BSMI | ||
| 260 | |c 2010 |b [San José, Costa Rica] | ||
| 500 | |a Desarrollo de una interfaz gráfica, para la operación y el control de la planta de tratamiento de aguas residuales, del simulador BSMI | ||
| 650 | |x PLANTAS PARA TRATAMIENTO DE AGUAS RESIDUALES |x PROGRAMAS PARA COMPUTADORA |x AGUAS RESIDUALES |x PURIFICACION DE AGUAS RESIDUALES |9 2839 | ||
| 942 | |c TFG | ||
| 999 | |c 15952 |d 15952 | ||
